[Event "POL-ch Teachers"]
[Site "Krakow"]
[Date "2008.05.24"]
[Round "7.13"]
[White "Staroniewicz, Janusz"]
[Black "Szydlowski, Wiktor"]
[Result "1/2-1/2"]
[WhiteElo "1757"]
[BlackElo "1889"]
[PlyCount "80"]
[EventDate "2008.05.22"]
[EventType "swiss"]
[EventRounds "9"]
[EventCountry "POL"]
[SourceTitle "EXT 2023"]
[Source "ChessBase"]
[SourceDate "2022.10.05"]
[SourceVersion "1"]
[SourceVersionDate "2022.10.05"]
[SourceQuality "1"]

1. e4 e5 2. Nf3 Nc6 3. Bb5 a6 4. Ba4 Nf6 5. 0-0 b5 6. Bb3 Bc5 7. d3 h6 8. a4 b4 9. c3 d6 10. d4 exd4 11. cxd4 Ba7 12. h3 0-0 13. Re1 Rb8 14. Bc2 Ne7 15. b3 a5 16. Bb2 d5 17. e5 Nh7 18. Nbd2 Be6 19. Rc1 Rc8 20. Nf1 Qd7 21. Ng3 Kh8 22. Nh4 Ng5 23. Qd3 g6 24. f4 Ne4 25. Nxe4 dxe4 26. Qxe4 Nf5 27. Nxf5 Bxf5 28. Qe3 Bxc2 29. Rxc2 Kh7 30. Kh2 Bb6 31. Qe4 Rfd8 32. Rd1 Qd5 33. Qxd5 Rxd5 34. Kg3 Rcd8 35. Rcd2 h5 36. Kf3 Ba7 37. Ke3 R8d7 38. g4 hxg4 39. hxg4 Kg8 40. f5 Rxe5+ 1/2-1/2

[Event "POL-ch Teachers"]
[Site "Krakow"]
[Date "2008.05.24"]
[Round "6.9"]
[White "Szczesniak, Andrzej"]
[Black "Staroniewicz, Janusz"]
[Result "1-0"]
[WhiteElo "2045"]
[BlackElo "1757"]
[PlyCount "49"]
[EventDate "2008.05.22"]
[EventType "swiss"]
[EventRounds "9"]
[EventCountry "POL"]
[SourceTitle "EXT 2023"]
[Source "ChessBase"]
[SourceDate "2022.10.05"]
[SourceVersion "1"]
[SourceVersionDate "2022.10.05"]
[SourceQuality "1"]

1. e4 e5 2. d4 exd4 3. Nf3 Nc6 4. Bc4 Bb4+ 5. c3 dxc3 6. bxc3 Be7 7. Qd5 Nh6 8. Bxh6 0-0 9. Bg5 Bf6 10. 0-0 d6 11. Bxf6 Qxf6 12. Qg5 Qxg5 13. Nxg5 Ne5 14. Be2 f5 15. f4 h6 16. fxe5 hxg5 17. exd6 cxd6 18. exf5 Bxf5 19. Nd2 Rac8 20. Rac1 Rf6 21. Bf3 b6 22. Bd5+ Kf8 23. c4 Ke7 24. Rce1+ Kd7 25. Rxf5 1-0